00815nam a22001457a 450000500170000000800430001705000240006011000610008424502100014526000770035530000440043261000850047665000640056171000440062520230217110725.0230217b mx ||||| |||| 00| 0 spa d04aZ740.U515bU55 19932 aUniversidad Autonoma Benito Juarez de Oaxaca. Biblioteca aLa imagen y la palabra : blibros del fondo bibliográfico de la Universidad Autónoma Benito Juárez de Oaxaca, octubre-diciembre de 1993 /cUniversidad Autónoma Benito Juárez de Oaxaca. Biblioteca a[Oaxaca, México] : bMuseo de Arte Contemporáneo de Oaxaca, c[1993] a64 páginas : bilustraciones ;c23 cm 72lembaUniversidad Autónoma Benito Juárez de OaxacabBibliotecaxExposiciones 72lembaLibros raros zOaxaca vBibliografía xExposiciones2 aMuseo de Arte Contemporáneo de Oaxaca